| 000 | 01139nam a2200229Ia 4500 | ||
|---|---|---|---|
| 001 | L240-13069 | ||
| 003 | IT-CnALBA | ||
| 008 | 170116s9999||||xx |||||||||||||| ||und|| | ||
| 040 |
_aIT-CnALBA _cIT-CnALBA |
||
| 041 | _aITALIANO | ||
| 100 | _aBIGNAMINI EGIDIO, MONS. | ||
| 245 | 0 | _aIL SACERDOTE OGGI E SEMPRE. ESORTAZIONE A VIVERE L'ORDINE SACRO. | |
| 250 | _a2a ed. | ||
| 260 |
_aCINISELLO BALSAMO (MI) _bEDIZIONI PAOLINE _c1964 [1° Ed.:1964 - Ed.Ling.Originale: 1964] |
||
| 300 | _a168 p. (prefazione: 9) | ||
| 500 | _aAPOSTOLI E SALVATORI. GRAZIA SACRAMENTALE. CARATTERE. GRAZIE ATTUALI. PIETÀ. STUDIO. UMILTÀ. POVERTÀ. CASTITÀ. OBBEDIENZA. ZELO. CRISI PSICOLOGICHE. TIEPIDEZZA. SECOLARISMO. PERSEVERANZA. | ||
| 501 | _aSocietà San Paolo EM - Piazza San Paolo, 14 - 12051 ALBA (CN) (non commercial uses only) ® Copyright 2017 | ||
| 520 | _aAPOSTOLI E SALVATORI. GRAZIA SACRAMENTALE. CARATTERE. GRAZIE ATTUALI. PIETÀ. STUDIO. UMILTÀ. POVERTÀ. CASTITÀ. OBBEDIENZA. ZELO. CRISI PSICOLOGICHE. TIEPIDEZZA. SECOLARISMO. PERSEVERANZA. | ||
| 650 | _aTEOLOGIA SPIRITUALE CRISTIANA | ||
| 942 | _cBK | ||
| 957 | _71 | ||
| 999 |
_a17822 _bNO _g Copie: 1 _c272245 _d272245 |
||